[Event "LLO18/19"]
[Site "Mecklenburg-Vorpommern"]
[Date "2018.12.16"]
[Round "4.4"]
[White "Horch, Helmut"]
[Black "Winkler, Karl"]
[Result "1/2-1/2"]
[WhiteElo "1760"]
[BlackElo "1759"]
[PlyCount "79"]
[EventDate "2018.??.??"]
[EventType "team-tourn"]
[EventRounds "9"]
[EventCountry "GER"]
[WhiteTeam "Seehotel Binz"]
[BlackTeam "SG Neubrandenburg II"]
[WhiteTeamCountry "GER"]
[BlackTeamCountry "GER"]

1. d4 Nf6 2. e3 e6 3. Bd3 c5 4. c3 d5 5. Nd2 Bd6 6. f4 O-O 7. Ngf3 cxd4 8. cxd4
b6 9. Ne5 Ba6 10. Qe2 Bxd3 11. Qxd3 Nbd7 12. O-O Rc8 13. Ndf3 Qc7 14. Bd2 Qb7
15. Rac1 Ne4 16. Qb5 Nxe5 17. fxe5 Bb8 18. Bb4 Rfd8 19. Nd2 a6 20. Qd3 Nxd2 21.
Bxd2 Rxc1 22. Rxc1 Rc8 23. Bc3 b5 24. a3 a5 25. Bd2 Rxc1+ 26. Bxc1 Qc6 27. Bd2
Bc7 28. b3 Bd8 29. Qc3 Qxc3 30. Bxc3 a4 31. b4 f6 32. exf6 gxf6 33. Kf2 Kf7 34.
Kf3 Kg6 35. h3 h5 36. e4 Bc7 37. exd5 exd5 38. Bd2 Kf5 39. g3 Bd6 40. Bc1
1/2-1/2

[Event "LLO18/19"]
[Site "Mecklenburg-Vorpommern"]
[Date "2018.12.16"]
[Round "4.5"]
[White "Rehbein, Hans Juergen"]
[Black "Oergel, Ullrich"]
[Result "0-1"]
[WhiteElo "1713"]
[BlackElo "1738"]
[PlyCount "84"]
[EventDate "2018.??.??"]
[EventType "team-tourn"]
[EventRounds "9"]
[EventCountry "GER"]
[WhiteTeam "SG Neubrandenburg II"]
[BlackTeam "Seehotel Binz"]
[WhiteTeamCountry "GER"]
[BlackTeamCountry "GER"]

1. b3 e5 2. Bb2 d6 3. g3 g6 4. Bg2 Bg7 5. d3 Nf6 6. Nd2 O-O 7. Ngf3 Nc6 8. O-O
Re8 9. Ne1 Be6 10. e4 Qd7 11. Ndf3 h6 12. Rb1 Bh3 13. Qd2 Bxg2 14. Kxg2 d5 15.
exd5 Qxd5 16. c4 Qd6 17. Bc3 e4 18. dxe4 Nxe4 19. Qxd6 Nxd6 20. Bxg7 Kxg7 21.
Nd3 Re2 22. Rb2 Rae8 23. Re1 Rxb2 24. Nxb2 Re4 25. Rxe4 Nxe4 26. Nd3 f6 27. Nf4
Nd8 28. Nd5 c6 29. Nf4 Nc3 30. a4 g5 31. Nd3 Ne6 32. g4 Ne4 33. Kf1 Kg6 34. Ke2
h5 35. h3 hxg4 36. hxg4 N4c5 37. Nxc5 Nxc5 38. Nd2 f5 39. f3 Kf6 40. b4 Nxa4
41. gxf5 Kxf5 42. Ke3 Nb6 0-1

[Event "LLO18/19"]
[Site "Mecklenburg-Vorpommern"]
[Date "2018.12.16"]
[Round "4.6"]
[White "Rosenbusch, Robert Mario"]
[Black "Buenz, Heinrich"]
[Result "1/2-1/2"]
[WhiteElo "1670"]
[BlackElo "1632"]
[PlyCount "49"]
[EventDate "2018.??.??"]
[EventType "team-tourn"]
[EventRounds "9"]
[EventCountry "GER"]
[WhiteTeam "Seehotel Binz"]
[BlackTeam "SG Neubrandenburg II"]
[WhiteTeamCountry "GER"]
[BlackTeamCountry "GER"]

1. d4 Nf6 2. Nc3 e6 3. Bf4 Be7 4. e3 O-O 5. Bd3 d6 6. h3 Nbd7 7. Nf3 b6 8. Ng5
Bb7 9. Nge4 Rc8 10. Qe2 Ne8 11. Ba6 Rb8 12. Bxb7 Rxb7 13. Qa6 Qa8 14. Ng5 c5
15. Qd3 Ndf6 16. Nf3 cxd4 17. exd4 Rd7 18. Bh2 Nc7 19. O-O Rc8 20. a4 Qc6 21.
Rfe1 Ncd5 22. Nxd5 Nxd5 23. c3 Qc7 24. Qb5 h6 25. Nd2 1/2-1/2

[Event "LLO18/19"]
[Site "Mecklenburg-Vorpommern"]
[Date "2018.12.16"]
[Round "4.7"]
[White "Mietz, Wolfgang"]
[Black "Ilanz, Kazimierz"]
[Result "1/2-1/2"]
[WhiteElo "1714"]
[BlackElo "1570"]
[PlyCount "93"]
[EventDate "2018.??.??"]
[EventType "team-tourn"]
[EventRounds "9"]
[EventCountry "GER"]
[WhiteTeam "SG Neubrandenburg II"]
[BlackTeam "Seehotel Binz"]
[WhiteTeamCountry "GER"]
[BlackTeamCountry "GER"]

1. d4 d5 2. c4 e6 3. Nc3 c6 4. Nf3 Nf6 5. Bg5 Nbd7 6. e3 Bd6 7. Rc1 h6 8. Bh4
O-O 9. c5 Be7 10. Bd3 b6 11. b4 b5 12. O-O a5 13. a3 axb4 14. axb4 Bb7 15. Qc2
Nh5 16. Bxe7 Qxe7 17. Rfe1 f5 18. Be2 Nhf6 19. Nh4 Qf7 20. g3 Ne4 21. f3 Nxc3
22. Qxc3 Rfe8 23. Ra1 Rxa1 24. Rxa1 e5 25. Ra7 exd4 26. Qxd4 Bc8 27. Kf2 Qf6
28. Qxf6 Nxf6 29. Rc7 Bd7 30. Bd3 Re5 31. h3 g5 32. f4 Re8 33. Nxf5 gxf4 34.
gxf4 h5 35. Nd4 Bxh3 36. Nxc6 Ng4+ 37. Ke1 Nxe3 38. Ne7+ Kf8 39. Ng6+ Kg8 40.
Bxb5 Re4 41. Kd2 Ng2 42. Bd3 Rxb4 43. Ne7+ Kf8 44. Nxd5 Rd4 45. Nf6 Bf5 46.
Nxh5 Rxd3+ 47. Kc1 1/2-1/2

[Event "LLO18/19"]
[Site "Mecklenburg-Vorpommern"]
[Date "2018.12.16"]
[Round "4.8"]
[White "Breitenfeldt, Ulrich"]
[Black "Peters, Hans Joachim"]
[Result "1/2-1/2"]
[WhiteElo "1422"]
[BlackElo "1592"]
[PlyCount "73"]
[EventDate "2018.??.??"]
[EventType "team-tourn"]
[EventRounds "9"]
[EventCountry "GER"]
[WhiteTeam "Seehotel Binz"]
[BlackTeam "SG Neubrandenburg II"]
[WhiteTeamCountry "GER"]
[BlackTeamCountry "GER"]

1. Nf3 d5 2. d4 Bg4 3. e3 Nf6 4. Be2 e6 5. O-O Bd6 6. b3 Qe7 7. Bb2 O-O 8. Nbd2
Nbd7 9. c4 c6 10. Rc1 Rfe8 11. Ne1 Bxe2 12. Qxe2 Nf8 13. Nd3 Ng6 14. Rfe1 Ne4
15. f3 Nxd2 16. Qxd2 Qg5 17. Qf2 f5 18. f4 Qd8 19. Bc3 a5 20. Qg3 Be7 21. Qf3
a4 22. cxd5 exd5 23. b4 Bd6 24. Ne5 Nf8 25. a3 Nd7 26. Bb2 Bxe5 27. dxe5 Nb6
28. Bd4 Nc4 29. Rc3 Qd7 30. Qe2 Rec8 31. h4 b6 32. Rxc4 dxc4 33. Qxc4+ Qd5 34.
Qxd5+ cxd5 35. Bxb6 Rc3 36. Rd1 Rc6 37. Bc5 1/2-1/2

[Event "LLO18/19"]
[Site "Mecklenburg-Vorpommern"]
[Date "2018.12.16"]
[Round "4.1"]
[White "Sparr, Andreas"]
[Black "Voelschow, Siegfried"]
[Result "1/2-1/2"]
[WhiteElo "1604"]
[BlackElo "1851"]
[PlyCount "82"]
[EventDate "2018.??.??"]
[EventType "team-tourn"]
[EventRounds "9"]
[EventCountry "GER"]
[WhiteTeam "FHSG Stralsund II"]
[BlackTeam "Waterkant Saal"]
[WhiteTeamCountry "GER"]
[BlackTeamCountry "GER"]

1. e4 e5 2. Nf3 Nc6 3. Bc4 Nf6 4. d3 Be7 5. Nc3 d6 6. h3 Be6 7. Bxe6 fxe6 8.
O-O O-O 9. a3 a6 10. Bd2 Qe8 11. Ng5 Nd8 12. Kh1 h6 13. Nf3 Nh5 14. Ne2 Nf4 15.
Nxf4 exf4 16. Nh2 e5 17. Qe2 Qf7 18. Be1 Ne6 19. Nf3 g5 20. Nh2 Nd4 21. Qd1 f3
22. Nxf3 Nxf3 23. Qxf3 Qxf3 24. gxf3 Rxf3 25. Kg2 Raf8 26. Bd2 c6 27. Be3 d5
28. exd5 cxd5 29. Rae1 Kg7 30. Bd4 exd4 31. Rxe7+ R8f7 32. Rxf7+ Rxf7 33. Rc1
Kf6 34. Kg3 Kf5 35. Re1 Rc7 36. Re2 h5 37. f3 Rc6 38. Kg2 Rb6 39. b3 Rc6 40.
Kg3 Rc7 41. Kg2 b5 1/2-1/2

[Event "LLO18/19"]
[Site "Mecklenburg-Vorpommern"]
[Date "2018.12.16"]
[Round "4.2"]
[White "Schwarz, Eckhard"]
[Black "Manke, Karsten"]
[Result "1/2-1/2"]
[WhiteElo "1867"]
[BlackElo "1719"]
[PlyCount "43"]
[EventDate "2018.??.??"]
[EventType "team-tourn"]
[EventRounds "9"]
[EventCountry "GER"]
[WhiteTeam "Waterkant Saal"]
[BlackTeam "FHSG Stralsund II"]
[WhiteTeamCountry "GER"]
[BlackTeamCountry "GER"]

1. Nf3 d5 2. d4 e6 3. Bf4 Nf6 4. e3 a6 5. Bd3 Be7 6. O-O c5 7. c4 O-O 8. a3
Nbd7 9. cxd5 exd5 10. dxc5 Nxc5 11. Nc3 Nfe4 12. Qc2 Nxd3 13. Qxd3 Nxc3 14.
Qxc3 Be6 15. b4 Rc8 16. Qb2 Bd6 17. Bxd6 Qxd6 18. Rac1 Rxc1 19. Rxc1 Rc8 20.
Rxc8+ Bxc8 21. Qc3 Bd7 22. Nd4 1/2-1/2

[Event "LLO18/19"]
[Site "Mecklenburg-Vorpommern"]
[Date "2018.12.16"]
[Round "4.3"]
[White "Jabbusch, Burkhard"]
[Black "Wiese, Frank"]
[Result "0-1"]
[WhiteElo "1631"]
[BlackElo "1899"]
[PlyCount "62"]
[EventDate "2018.??.??"]
[EventType "team-tourn"]
[EventRounds "9"]
[EventCountry "GER"]
[WhiteTeam "FHSG Stralsund II"]
[BlackTeam "Waterkant Saal"]
[WhiteTeamCountry "GER"]
[BlackTeamCountry "GER"]

1. f4 g6 2. Nf3 Bg7 3. e4 d6 4. Be2 e6 5. O-O Ne7 6. d4 Nd7 7. c3 a6 8. Be3 b6
9. Qc2 Bb7 10. Bd3 O-O 11. Nbd2 c5 12. dxc5 Nxc5 13. Bxc5 bxc5 14. Rad1 Qc7 15.
c4 Nc6 16. a3 Rab8 17. b3 f5 18. exf5 exf5 19. Rb1 a5 20. Rfe1 Rfe8 21. Rbd1
Bh6 22. g3 Bg7 23. Bf1 Nd4 24. Qd3 Bxf3 25. Nxf3 Rxe1 26. Nxe1 Rxb3 27. Qd2 Rb2
28. Qe3 Qd7 29. Kh1 Rb3 30. Qc1 Qe7 31. Bg2 h6 0-1

[Event "LLO18/19"]
[Site "Mecklenburg-Vorpommern"]
[Date "2018.12.16"]
[Round "4.4"]
[White "Onasch, Gunnar"]
[Black "Jenschke, Tim"]
[Result "1/2-1/2"]
[WhiteElo "1802"]
[BlackElo "1529"]
[PlyCount "91"]
[EventDate "2018.??.??"]
[EventType "team-tourn"]
[EventRounds "9"]
[EventCountry "GER"]
[WhiteTeam "Waterkant Saal"]
[BlackTeam "FHSG Stralsund II"]
[WhiteTeamCountry "GER"]
[BlackTeamCountry "GER"]

1. d4 g6 2. c4 Bg7 3. Nc3 d6 4. e4 Nf6 5. f3 O-O 6. Be3 Nbd7 7. Nge2 b6 8. Nc1
c5 9. d5 Bb7 10. Nd3 a6 11. Be2 e6 12. dxe6 fxe6 13. Qd2 Qe7 14. O-O d5 15.
cxd5 exd5 16. exd5 Nxd5 17. Nxd5 Bxd5 18. Nxc5 Nxc5 19. Qxd5+ Kh8 20. Bxc5
Qxc5+ 21. Qxc5 bxc5 22. Rab1 a5 23. Rfc1 Bd4+ 24. Kf1 Rf6 25. Bc4 Re8 26. a3
Rb6 27. b3 Reb8 28. a4 Re8 29. Re1 Rbb8 30. Rxe8+ Rxe8 31. Re1 Rxe1+ 32. Kxe1
Kg7 33. Kd2 Kf6 34. Kd3 Ke5 35. Bg8 h6 36. Bh7 g5 37. Kc4 Kd6 38. b4 axb4 39.
a5 Kc6 40. Be4+ Kc7 41. Bd5 Kb8 42. Kd3 Bg1 43. h4 Bh2 44. Ke4 Ka7 45. Bc4 Bg3
46. hxg5 1/2-1/2

[Event "LLO18/19"]
[Site "Mecklenburg-Vorpommern"]
[Date "2018.12.16"]
[Round "4.5"]
[White "Vlach, Michael"]
[Black "Richter, Frank"]
[Result "0-1"]
[WhiteElo "1595"]
[BlackElo "1754"]
[PlyCount "50"]
[EventDate "2018.??.??"]
[EventType "team-tourn"]
[EventRounds "9"]
[EventCountry "GER"]
[WhiteTeam "FHSG Stralsund II"]
[BlackTeam "Waterkant Saal"]
[WhiteTeamCountry "GER"]
[BlackTeamCountry "GER"]

1. Nf3 d5 2. d4 Nf6 3. c4 e6 4. a3 Be7 5. Bf4 O-O 6. e3 Nbd7 7. Nbd2 c5 8. Bd3
b6 9. O-O Bb7 10. Rc1 Nh5 11. Bg3 Nxg3 12. hxg3 Nf6 13. Qa4 Ne4 14. Rfd1 f5 15.
b4 cxb4 16. axb4 a5 17. b5 Bb4 18. Bxe4 fxe4 19. Ne5 Rc8 20. Qc2 Rc7 21. Nc6
Bxc6 22. cxd5 exd5 23. bxc6 Qf6 24. Nf1 Rfc8 25. Qb3 Qe6 0-1

[Event "LLO18/19"]
[Site "Mecklenburg-Vorpommern"]
[Date "2018.12.16"]
[Round "4.6"]
[White "Nickel, Reimo"]
[Black "Klinger, Clemens"]
[Result "1/2-1/2"]
[WhiteElo "1710"]
[BlackElo "1583"]
[PlyCount "54"]
[EventDate "2018.??.??"]
[EventType "team-tourn"]
[EventRounds "9"]
[EventCountry "GER"]
[WhiteTeam "Waterkant Saal"]
[BlackTeam "FHSG Stralsund II"]
[WhiteTeamCountry "GER"]
[BlackTeamCountry "GER"]

1. d4 d5 2. c4 Nf6 3. Nf3 e6 4. Bg5 Be7 5. e3 O-O 6. Nbd2 Nbd7 7. Bd3 c5 8. O-O
cxd4 9. Nxd4 Ne5 10. Be2 dxc4 11. Nxc4 Nxc4 12. Bxc4 Ne4 13. Bxe7 Qxe7 14. Qc2
Nf6 15. Be2 Bd7 16. Bf3 Rac8 17. Qb3 Rc7 18. Rfc1 Rfc8 19. Rxc7 Rxc7 20. Nb5
Bxb5 21. Qxb5 b6 22. Rd1 Rc5 23. Qd3 Kf8 24. b4 Rc7 25. a3 Rd7 26. Qc2 Rxd1+
27. Qxd1 Qd7 1/2-1/2

[Event "LLO18/19"]
[Site "Mecklenburg-Vorpommern"]
[Date "2018.12.16"]
[Round "4.7"]
[White "Boettner, Oliver"]
[Black "Ehmann, Roland"]
[Result "0-1"]
[WhiteElo "1504"]
[BlackElo "1632"]
[PlyCount "146"]
[EventDate "2018.??.??"]
[EventType "team-tourn"]
[EventRounds "9"]
[EventCountry "GER"]
[WhiteTeam "FHSG Stralsund II"]
[BlackTeam "Waterkant Saal"]
[WhiteTeamCountry "GER"]
[BlackTeamCountry "GER"]

1. e4 e5 2. Nf3 Nf6 3. d3 d6 4. Be3 Ng4 5. Nbd2 Nxe3 6. fxe3 Be7 7. d4 Bg4 8.
Be2 Nd7 9. O-O O-O 10. c3 b6 11. Qa4 a6 12. Rf2 b5 13. Qc2 f5 14. h3 fxe4 15.
Qxe4 Nf6 16. Qc2 Bh5 17. Bd3 exd4 18. exd4 h6 19. Nh4 Nd5 20. Rxf8+ Qxf8 21.
Bh7+ Kh8 22. Rf1 Qe8 23. Ng6+ Bxg6 24. Bxg6 Qd8 25. Be4 Ne3 26. Qd3 Nxf1 27.
Qxf1 d5 28. Bc2 Qg8 29. Nf3 Rf8 30. Qd3 Bf6 31. Qg6 Be7 32. Qxa6 Qf7 33. Qxb5
Bd6 34. Bb3 Qf4 35. Qf1 c6 36. Bd1 Qg3 37. Be2 Bf4 38. b3 Be3+ 39. Kh1 Qf2 40.
Qxf2 Bxf2 41. Ne5 Rf6 42. Bf3 Bg3 43. Nd7 Re6 44. Ne5 Bxe5 45. dxe5 Rxe5 46. a4
Re3 47. c4 d4 48. Kg1 c5 49. a5 Rxb3 50. a6 Ra3 51. Bb7 Ra2 52. Kf1 d3 53. Ke1
d2+ 54. Kd1 Kg8 55. Bd5+ Kf8 56. a7 Rxa7 57. Kxd2 Ke7 58. Ke3 Kf6 59. Kf4 g5+
60. Kg4 Re7 61. Kh5 Kg7 62. Bf3 Rf7 63. Bd5 Rf4 64. g3 Rd4 65. Be6 Rd3 66. Kg4
Kf6 67. Bg8 Kg6 68. h4 h5+ 69. Kh3 g4+ 70. Kg2 Rc3 71. Bd5 Kf6 72. Kf2 Ke5 73.
Bf7 Rf3+ 0-1

[Event "LLO18/19"]
[Site "Mecklenburg-Vorpommern"]
[Date "2018.12.16"]
[Round "4.8"]
[White "Nickel, Udo"]
[Black "Loesche, Richard"]
[Result "1/2-1/2"]
[WhiteElo "1604"]
[BlackElo "1548"]
[PlyCount "63"]
[EventDate "2018.??.??"]
[EventType "team-tourn"]
[EventRounds "9"]
[EventCountry "GER"]
[WhiteTeam "Waterkant Saal"]
[BlackTeam "FHSG Stralsund II"]
[WhiteTeamCountry "GER"]
[BlackTeamCountry "GER"]

1. d4 Nf6 2. Nf3 e6 3. c4 Be7 4. Nc3 O-O 5. Bf4 d6 6. e3 c5 7. Be2 Nbd7 8. O-O
d5 9. cxd5 exd5 10. dxc5 Nxc5 11. Qc2 Be6 12. Nd4 Rc8 13. Qd1 a6 14. a3 b5 15.
Bf3 Nce4 16. Bxe4 Nxe4 17. Nxe4 dxe4 18. Nxe6 fxe6 19. Qg4 Qd5 20. Rad1 Qf5 21.
Qg3 Rf6 22. h3 Rg6 23. Qh2 Bf6 24. Rd2 e5 25. Rd5 Re8 26. Bg3 h5 27. h4 Qg4 28.
Rfd1 Kh7 29. Kf1 Rc8 30. Ke1 Rc2 31. R5d2 Rc6 32. Rd5 1/2-1/2

[Event "LLO18/19"]
[Site "Mecklenburg-Vorpommern"]
[Date "2019.01.20"]
[Round "5.1"]
[White "Greinert, Timo"]
[Black "Rickmann, Niklas"]
[Result "1/2-1/2"]
[WhiteElo "1827"]
[BlackElo "1688"]
[PlyCount "40"]
[EventDate "2018.??.??"]
[EventType "team-tourn"]
[EventRounds "9"]
[EventCountry "GER"]
[WhiteTeam "SAV Torgelow II"]
[BlackTeam "FHSG Stralsund II"]
[WhiteTeamCountry "GER"]
[BlackTeamCountry "GER"]

1. c4 g6 2. Nc3 Bg7 3. g3 Nf6 4. Bg2 d6 5. e3 O-O 6. Nge2 e5 7. O-O Na6 8. d4
c6 9. h3 Ne8 10. dxe5 Bxe5 11. a3 Be6 12. b3 Qd7 13. Kh2 Rd8 14. Nd4 Nac7 15.
Bb2 d5 16. Nxe6 Qxe6 17. cxd5 Nxd5 18. Qc2 Nxc3 19. Bxc3 Bxc3 20. Qxc3 Rd7
1/2-1/2

[Event "LLO18/19"]
[Site "Mecklenburg-Vorpommern"]
[Date "2019.01.20"]
[Round "5.2"]
[White "Sparr, Andreas"]
[Black "Kilp, Gunnar"]
[Result "1/2-1/2"]
[WhiteElo "1604"]
[BlackElo "1677"]
[PlyCount "127"]
[EventDate "2018.??.??"]
[EventType "team-tourn"]
[EventRounds "9"]
[EventCountry "GER"]
[WhiteTeam "FHSG Stralsund II"]
[BlackTeam "SAV Torgelow II"]
[WhiteTeamCountry "GER"]
[BlackTeamCountry "GER"]

1. e4 c5 2. Nf3 Nc6 3. Nc3 g6 4. d3 Bg7 5. Bd2 d6 6. Be2 Bg4 7. a3 e6 8. Rb1 a6
9. O-O Nge7 10. h3 Bxf3 11. Bxf3 Nd4 12. g3 Nxf3+ 13. Qxf3 Nc6 14. Qd1 O-O 15.
Ne2 f5 16. Nf4 Qd7 17. Ne2 e5 18. Kh2 b5 19. c3 d5 20. f3 Rad8 21. Bg5 Bf6 22.
Be3 d4 23. cxd4 cxd4 24. Bd2 Rc8 25. Rc1 Kg7 26. Kg2 Rc7 27. Rc2 Rfc8 28. Qb1
Ne7 29. Rfc1 Rxc2 30. Rxc2 Rc6 31. Rxc6 Qxc6 32. Qc1 Kf7 33. Qxc6 Nxc6 34. Nc1
Ke6 35. b4 Bd8 36. Nb3 Be7 37. Bc1 g5 38. g4 f4 39. Kf2 Bd8 40. Bd2 Be7 41. Bc1
Na7 42. Ke2 Nc8 43. Kd2 Nb6 44. Kc2 Na4 45. Bd2 Kd6 46. Na5 Kd7 47. Nb3 Kc6 48.
Na5+ Kb6 49. Kb1 Kc7 50. Kc2 Bd8 51. Nb3 Kc6 52. Be1 Bb6 53. Bd2 Kd6 54. Be1
Ke6 55. Bd2 Kd6 56. Be1 Ke6 57. Bd2 Bc7 58. Be1 Bd6 59. Bd2 Nb6 60. Na5 Nd7 61.
Nb3 Bc7 62. Be1 Bb6 63. Kd1 Nf6 64. Ke2 1/2-1/2

[Event "LLO18/19"]
[Site "Mecklenburg-Vorpommern"]
[Date "2019.01.20"]
[Round "5.3"]
[White "Kilp, Andreas"]
[Black "Vietinghoff, Klaus"]
[Result "1/2-1/2"]
[WhiteElo "1683"]
[BlackElo "1694"]
[PlyCount "99"]
[EventDate "2018.??.??"]
[EventType "team-tourn"]
[EventRounds "9"]
[EventCountry "GER"]
[WhiteTeam "SAV Torgelow II"]
[BlackTeam "FHSG Stralsund II"]
[WhiteTeamCountry "GER"]
[BlackTeamCountry "GER"]

1. e4 d6 2. d4 g6 3. Nf3 Bg7 4. Bd3 Bg4 5. c3 Nd7 6. h3 Bxf3 7. Qxf3 e5 8. Be3
Qe7 9. Nd2 a6 10. Bc4 Ngf6 11. Qe2 O-O 12. O-O Rae8 13. f3 Nh5 14. dxe5 Nxe5
15. Bb3 Ng3 16. Qf2 Nxf1 17. Qxf1 Qh4 18. Rd1 g5 19. Bf2 Qf4 20. Qe2 Qf6 21.
Nf1 h5 22. Ne3 Qg6 23. g4 hxg4 24. hxg4 Nxf3+ 25. Qxf3 Qxe4 26. Qxe4 Rxe4 27.
Bd5 Re5 28. Nc4 Re7 29. Bxb7 Be5 30. Be3 f6 31. Rf1 Kg7 32. Bc1 Rh8 33. Ne3 Kg8
34. Bd5+ Kf8 35. Kg2 Rh2+ 36. Kf3 Bf4 37. Re1 Rh3+ 38. Kf2 Re5 39. Bg2 Rh2 40.
Kf3 d5 41. Rd1 c6 42. b3 Bxe3 43. Ba3+ Kf7 44. Bd6 Bf4 45. Bxe5 Bxe5 46. c4 d4
47. b4 Rh8 48. Ke4 Ke6 49. a4 Rb8 50. Rb1 1/2-1/2

[Event "LLO18/19"]
[Site "Mecklenburg-Vorpommern"]
[Date "2019.01.20"]
[Round "5.4"]
[White "Manke, Karsten"]
[Black "Schmidt, Paul1"]
[Result "1-0"]
[WhiteElo "1719"]
[BlackElo "1704"]
[PlyCount "101"]
[EventDate "2018.??.??"]
[EventType "team-tourn"]
[EventRounds "9"]
[EventCountry "GER"]
[WhiteTeam "FHSG Stralsund II"]
[BlackTeam "SAV Torgelow II"]
[WhiteTeamCountry "GER"]
[BlackTeamCountry "GER"]

{[%evp 0,63,19,28,70,35,30,0,10,-2,24,40,18,18,28,32,53,29,291,48,45,-17,-15,
-15,-14,-5,-10,-27,104,74,52,9,47,-5,141,76,138,45,2,117,78,80,42,42,57,81,88,
88,88,0,-8,-155,-197,-173,-170,-170,-100,-134,-121,-158,-137,-147,-151,-265,
-124,-130]} 1. e4 c5 2. d4 cxd4 3. c3 d5 4. exd5 Qxd5 5. Nf3 Bg4 6. Be2 Nc6 7.
cxd4 Nf6 8. Nc3 Qd7 9. Be3 e6 10. Qa4 Bd6 11. h3 Bf5 12. O-O O-O 13. Nh4 e5 14.
d5 Nb4 15. Bb5 Qc8 16. Rfc1 Bd3 17. Ne4 Bc2 18. Nxf6+ gxf6 19. Qa3 Qd8 20. Bh6
Nd3 21. Qc3 Rc8 22. Bc6 Nxc1 23. Qxc2 bxc6 24. Qe4 Kh8 25. Rxc1 cxd5 26. Qxd5
Rxc1+ 27. Bxc1 Qc7 28. Bh6 Rd8 29. Qe4 Bf8 30. Be3 Bc5 31. Bh6 Rd1+ 32. Kh2 Rd8
33. Qf5 e4+ 34. Bf4 Bd6 35. Qxf6+ Kg8 36. Qg5+ Kf8 37. Qh6+ Ke8 38. Bg3 Bxg3+
39. fxg3 Rd3 40. Nf5 Qe5 41. Qc6+ Kd8 42. Qa8+ Kd7 43. Qxa7+ Ke6 44. Ne3 Qxb2
45. Qa6+ Rd6 46. Qxd6+ Kxd6 47. Nc4+ Kc5 48. Nxb2 e3 49. Kg1 Kd4 50. Kf1 Kc3
51. Nd1+ 1-0

[Event "LLO18/19"]
[Site "Mecklenburg-Vorpommern"]
[Date "2019.01.20"]
[Round "5.5"]
[White "Schmekel, Felix"]
[Black "Jabbusch, Burkhard"]
[Result "1/2-1/2"]
[WhiteElo "1649"]
[BlackElo "1631"]
[PlyCount "115"]
[EventDate "2018.??.??"]
[EventType "team-tourn"]
[EventRounds "9"]
[EventCountry "GER"]
[WhiteTeam "SAV Torgelow II"]
[BlackTeam "FHSG Stralsund II"]
[WhiteTeamCountry "GER"]
[BlackTeamCountry "GER"]

{[%evp 0,115,21,27,27,-21,-16,-21,26,-11,16,2,11,17,9,29,53,47,59,40,37,38,63,
56,53,47,62,17,28,25,38,19,31,-18,26,30,9,-1,27,31,39,22,50,31,26,18,36,19,30,
26,27,9,21,16,0,12,19,10,54,0,0,-6,-12,-12,1,-13,-12,-13,-13,-13,23,-13,1,-13,
-7,-12,-2,-13,-21,-24,-14,-29,-24,-20,-18,-10,-22,-16,-13,-16,-16,-19,-31,-41,
-2,5,5,0,-13,-7,1,8,9,-188,-201,-202,-197,-180,-167,-160,-149,-151,-160,-167,0,
0,0,0]} 1. d4 d5 2. c4 e6 3. Nc3 Be7 4. cxd5 exd5 5. Nf3 Nf6 6. Bg5 O-O 7. e3
c6 8. Bd3 Nbd7 9. Qc2 h6 10. Bh4 Ne8 11. Bg3 Ndf6 12. O-O Bd6 13. Ne2 Bxg3 14.
Nxg3 Nd6 15. Rfc1 Re8 16. b4 a6 17. a4 Be6 18. Ne5 Rc8 19. Rab1 Re7 20. Qd1
Rec7 21. Rc2 Nfe4 22. Rbc1 Nxg3 23. hxg3 Bf5 24. Bxf5 Nxf5 25. Qf3 Nd6 26. Qf4
f6 27. Nd3 Ne8 28. Nc5 Qd6 29. Qxd6 Nxd6 30. Ne6 Re7 31. Nf4 Ree8 32. Nd3 Kf7
33. Rb1 Re7 34. Nc1 Ke8 35. Nb3 Rec7 36. Na5 Kd7 37. Rbc1 g6 38. Kf1 h5 39. Ke2
f5 40. Kf3 Ke6 41. Nb3 Nc4 42. Nc5+ Kd6 43. Nd3 Na3 44. Rc3 Nc4 45. R1c2 Ke6 {
(=)} 46. Kf4 Nd6 47. Ne5 Kf6 48. Rc1 Ne4 49. R3c2 Nd6 50. Kf3 Re8 51. Nxc6 Rec8
52. b5 axb5 53. axb5 Nxb5 54. Nb4 Rxc2 55. Rxc2 Rxc2 56. Nxc2 g5 $2 (56... Nc3
$1 $18 {Stockfish 10 64 POPCNT:} 57. e4 dxe4+ 58. Ke3 Nd5+ 59. Kd2 Ke6 60. Na1
g5 61. Nb3 b6 62. Nc1 Nc7 63. f3 Kd5 64. fxe4+ Kxe4 65. Ne2 b5 66. Ng1 Ne6 67.
Nf3 b4 68. Ne5 f4 69. Nd3 fxg3 70. Nxb4 Nf4 71. d5 Nxd5 72. Na6 Kf5 73. Nc5 h4
{[%eval -409,27]}) 57. Ke2 Ke6 58. Kd3 1/2-1/2

[Event "LLO18/19"]
[Site "Mecklenburg-Vorpommern"]
[Date "2019.01.20"]
[Round "5.6"]
[White "Vlach, Michael"]
[Black "Bollnow, Alex"]
[Result "0-1"]
[WhiteElo "1595"]
[BlackElo "1640"]
[PlyCount "78"]
[EventDate "2018.??.??"]
[EventType "team-tourn"]
[EventRounds "9"]
[EventCountry "GER"]
[WhiteTeam "FHSG Stralsund II"]
[BlackTeam "SAV Torgelow II"]
[WhiteTeamCountry "GER"]
[BlackTeamCountry "GER"]

1. d4 Nf6 2. c4 g6 3. Nc3 Bg7 4. Bg5 d6 5. e4 O-O 6. Qd2 Nbd7 7. Bh6 e5 8. Bxg7
Kxg7 9. Nf3 Re8 10. Bd3 exd4 11. Nxd4 Nc5 12. f3 d5 13. cxd5 Nxd3+ 14. Qxd3
Nxd5 15. Nxd5 Qxd5 16. O-O Qe5 17. Qc3 c5 18. Nb5 Qxc3 19. Nxc3 Be6 20. Rad1
Red8 21. Kf2 Kf6 22. Ke3 Ke7 23. Kf4 Rac8 24. Ke3 Rc7 25. Rxd8 Kxd8 26. Rd1+
Rd7 27. Rxd7+ Kxd7 28. h4 Kc6 29. Kf4 h6 30. Ke5 b5 31. Nd5 g5 32. hxg5 hxg5
33. g3 a5 34. f4 gxf4 35. gxf4 Kd7 36. f5 Bxd5 37. Kxd5 c4 38. e5 a4 39. Kc5 $4
(39. a3 {Stockfish 10 64 POPCNT:} Ke7 40. Kc5 Kf8 41. Kxb5 Ke8 42. Kxc4 Ke7 43.
Kb4 Ke8 44. f6 Kd8 45. e6 Ke8 46. exf7+ Kf8 47. Kxa4 Kxf7 {[%eval 15314,33]})
39... a3 0-1

[Event "LLO18/19"]
[Site "Mecklenburg-Vorpommern"]
[Date "2019.01.20"]
[Round "5.7"]
[White "Schmekel, Matthias"]
[Black "Klinger, Clemens"]
[Result "1/2-1/2"]
[WhiteElo "1588"]
[BlackElo "1583"]
[PlyCount "127"]
[EventDate "2018.??.??"]
[EventType "team-tourn"]
[EventRounds "9"]
[EventCountry "GER"]
[WhiteTeam "SAV Torgelow II"]
[BlackTeam "FHSG Stralsund II"]
[WhiteTeamCountry "GER"]
[BlackTeamCountry "GER"]

1. e4 c5 2. Nf3 a6 3. Nc3 e6 4. d4 cxd4 5. Nxd4 Qc7 6. Be3 Nf6 7. Be2 Bb4 8.
Qd3 d6 9. Bd2 Nbd7 10. Qg3 g6 11. f3 Nh5 12. Qg5 Qc5 13. Qxc5 Bxc5 14. Nb3 O-O
15. g4 Nhf6 16. h4 Bb6 17. O-O-O Nc5 18. Bg5 Nxb3+ 19. axb3 Nd7 20. Rxd6 Bc5
21. Rdd1 b5 22. h5 Ne5 23. hxg6 fxg6 24. Rh3 Ra7 25. f4 Nf7 26. Bf6 Be7 27. Bd4
Rd7 28. e5 Nd8 29. Rf3 Bb7 30. Rff1 Nc6 31. Be3 Rxd1+ 32. Bxd1 Nb4 33. Kb1 Nd5
34. Nxd5 Bxd5 35. Be2 Kg7 36. Bd3 Rf7 37. c4 Bg2 38. Rf2 Bc6 39. Kc2 Bh4 40.
Rf1 Be7 41. f5 exf5 42. gxf5 gxf5 43. Bxf5 $4 Rxf5 44. Rg1+ Kf7 45. Bd4 h5 46.
Kd3 h4 47. e6+ Kxe6 48. Rg6+ Kd7 49. Rh6 Rf3+ 50. Ke2 Rxb3 51. cxb5 Bxb5+ 52.
Kf2 Rd3 53. Be5 Rd5 54. Bf4 Rf5 55. Ke3 Ke8 56. Ke4 Rf6 57. Rxh4 Re6+ 58. Kf5
Bxh4 59. Kxe6 a5 60. Kd5 Bf6 61. Be5 Bxe5 ({Stockfish 10 64 POPCNT:} 61... Be7
62. Ke4 Bb4 63. Kd5 Kd7 64. Bb8 a4 65. Be5 Bd3 66. Kd4 Bc2 67. Bg7 Be7 68. Ke5
Bd6+ 69. Kd5 Bb3+ 70. Ke4 Ke6 71. Bc3 Be7 72. Bd2 Bf6 73. Bc1 Be5 74. Ke3 Kf5
75. Kf3 Bc4 76. Kg2 Bf4 77. Kf2 (77. Bxf4 Kxf4 78. Kf2 Ke4 79. Ke1 Ke3 80. Kd1
Bd3 81. Kc1 Ke2 82. b4 axb3) 77... Bxc1 78. Ke1 a3 79. Kf2 Bxb2 80. Ke3 {
[%eval -15306,36]}) 62. Kxe5 Kd7 63. Kd4 Kd6 64. b3 1/2-1/2